[Event "4NCL/Div1/IKHH-RI"]
[Site "Rd1-Birmingham"]
[Date "1999.10.09"]
[Round "1.6"]
[White "Webb, Laurence"]
[Black "Wade, Robert"]
[Result "1/2-1/2"]
[WhiteElo "2213"]
[BlackElo "2204"]
[PlyCount "40"]
[EventDate "1999.10.09"]
[SourceDate "2000.01.01"]

1. e4 c6 2. d4 d5 3. exd5 cxd5 4. c4 Nf6 5. Nc3 g6 6. Qb3 Bg7 7. cxd5 O-O 8.
Be2 Qb6 9. Qxb6 axb6 10. Nf3 Na6 11. O-O Nb4 12. d6 exd6 13. Bf4 Rd8 14. Nb5
Ne4 15. a3 Nd5 16. Bg3 Be6 17. Rac1 Bh6 18. Rcd1 Rac8 19. Bd3 Nxg3 20. hxg3 Nf6
1/2-1/2

[Event "4NCL/Div1/IKHH-RI"]
[Site "Rd1-Birmingham"]
[Date "1999.10.09"]
[Round "1.7"]
[White "Cooper, Andrew G"]
[Black "Phillips, Roy"]
[Result "1-0"]
[WhiteElo "2151"]
[BlackElo "2257"]
[PlyCount "85"]
[EventDate "1999.10.09"]
[SourceDate "2000.01.01"]

1. d4 Nf6 2. c4 e6 3. Nc3 Bb4 4. Qc2 O-O 5. a3 Bxc3+ 6. Qxc3 b5 7. cxb5 c6 8.
e3 Qb6 9. bxc6 Nxc6 10. Nf3 Ba6 11. Bxa6 Qxa6 12. b4 Rab8 13. Bb2 Na5 14. Ne5
d6 15. Qd3 Qb7 16. Nf3 Rbc8 17. O-O Nc4 18. Bc3 Ne4 19. Rfc1 Rc7 20. Nd2 Nexd2
21. Bxd2 Rfc8 22. h3 d5 23. Rab1 Qa6 24. Rb3 h6 25. Rcb1 Qb5 26. Rc3 a6 27. Qc2
Rb8 28. Bc1 Qd7 29. e4 Rbc8 30. Qe2 dxe4 31. Qxe4 Nd6 32. Rxc7 Qxc7 33. Qd3 Qc6
34. Bf4 Qb5 35. Rd1 Nf5 36. d5 Rd8 37. d6 Qxd3 38. Rxd3 Rd7 39. g4 Nh4 40. Rc3
Ng6 41. Rc7 Rd8 42. Bg3 e5 43. Rc6 1-0

[Event "4NCL/Div1/IKHH-RI"]
[Site "Rd1-Birmingham"]
[Date "1999.10.09"]
[Round "1.8"]
[White "Shah, Arpi"]
[Black "Richards, Heather"]
[Result "0-1"]
[WhiteElo "2079"]
[BlackElo "2117"]
[PlyCount "106"]
[EventDate "1999.10.09"]
[SourceDate "2000.01.01"]

1. e4 e6 2. d4 d5 3. Nc3 Bb4 4. e5 c5 5. Nf3 Ne7 6. a3 Bxc3+ 7. bxc3 Bd7 8. c4
cxd4 9. Nxd4 Qc7 10. Nf3 dxc4 11. Qd4 b5 12. Be2 Nbc6 13. Qc5 Nd5 14. a4 Qa5+
15. Bd2 c3 16. Bg5 Ncb4 17. O-O Qb6 18. Qxb6 axb6 19. axb5 O-O 20. Nd4 h6 21.
Bh4 Rfc8 22. Bg3 Ne7 23. Bf3 Rxa1 24. Rxa1 Nf5 25. Nxf5 exf5 26. Bd1 Bxb5 27.
Rb1 Rd8 28. f4 Ba4 29. Be1 Nd5 30. Bf3 Bxc2 31. Rc1 Be4 32. Bxc3 Bxf3 33. gxf3
Nxf4 34. Kf1 Rc8 35. Bd2 Rxc1+ 36. Bxc1 Nd3 37. Be3 b5 38. Ke2 Nxe5 39. Bd4 f6
40. f4 Nc6 41. Bc5 Kf7 42. Ke3 g6 43. Kd3 Ke6 44. Bf8 h5 45. Bc5 Ne7 46. Bb4
Nd5 47. Bd2 Kd6 48. Kd4 Kc6 49. Bc1 b4 50. Kc4 Nb6+ 51. Kxb4 Kd5 52. Bb2 Ke4
53. Kc5 Na4+ 0-1

[Event "4NCL/Div1/SL-WR"]
[Site "Rd1-Birmingham"]
[Date "1999.10.09"]
[Round "1.3"]
[White "McNab, Colin"]
[Black "Potts, Alan"]
[Result "1-0"]
[WhiteElo "2445"]
[BlackElo "2288"]
[PlyCount "75"]
[EventDate "1999.10.09"]
[SourceDate "2000.01.01"]

1. c4 f5 2. b3 d6 3. Bb2 e5 4. d4 Nd7 5. Nc3 Ngf6 6. e3 c6 7. Nge2 Be7 8. g3
O-O 9. Bg2 Qe8 10. Qc2 e4 11. Nf4 Nb6 12. h4 Bd7 13. h5 a5 14. Bf1 a4 15. O-O-O
a3 16. Ba1 d5 17. c5 Nc8 18. Na4 Bd8 19. Bc3 Rf7 20. Bb4 b6 21. cxb6 Nxb6 22.
Nc5 Bc8 23. Be2 Ng4 24. Rdf1 Rf6 25. Kb1 Bc7 26. Qc1 Rh6 27. Bxa3 Bxf4 28. gxf4
Rxh5 29. Rxh5 Qxh5 30. Bb4 Qh2 31. Nxe4 fxe4 32. Qxc6 h5 33. Qxb6 Nxe3 34. Qc6
Rb8 35. Re1 Qxf2 36. Qe8+ Kh7 37. Qxh5+ Kg8 38. Qe8+ 1-0

[Event "4NCL/Div1/SL-WR"]
[Site "Rd1-Birmingham"]
[Date "1999.10.09"]
[Round "1.4"]
[White "Gayson, Peter"]
[Black "Kosten, Anthony"]
[Result "1/2-1/2"]
[WhiteElo "2255"]
[BlackElo "2515"]
[PlyCount "96"]
[EventDate "1999.10.09"]
[SourceDate "2000.01.01"]

1. e4 c5 2. Nf3 d6 3. d4 Nf6 4. Nc3 cxd4 5. Nxd4 a6 6. f4 e5 7. Nf3 Nbd7 8. a4
Be7 9. Bd3 O-O 10. O-O Nc5 11. Kh1 exf4 12. Bxf4 Bg4 13. Qe1 Re8 14. Qg3 Qd7
15. Be3 Nh5 16. Qf2 Nxd3 17. cxd3 f5 18. Nd5 fxe4 19. Nb6 Qd8 20. Ng5 Rf8 21.
Qh4 Rxf1+ 22. Rxf1 Be2 23. Qxe4 Bxg5 24. Bxg5 Qe8 25. Qd5+ Kh8 26. Re1 Rb8 27.
Nc4 h6 28. Nxd6 Qxa4 29. Nf7+ Kh7 30. Qf5+ g6 31. Qe5 Re8 32. Qc7 Ng7 33. Bxh6
Bxd3 34. Ne5 Kxh6 35. Qc1+ Kh7 36. Nxd3 Rxe1+ 37. Qxe1 Qd4 38. Ne5 Nf5 39. b3
Kg7 40. Nf3 Qe3 41. Qd1 Qe7 42. Qd5 b5 43. Ne5 Qc7 44. Nf3 Qd6 45. Qb7+ Kf6 46.
Qc8 Qd1+ 47. Ng1 Qd6 48. Nf3 Qd1+ 1/2-1/2

[Event "4NCL/Div1/SL-WR"]
[Site "Rd1-Birmingham"]
[Date "1999.10.09"]
[Round "1.5"]
[White "Summerscale, Aaron"]
[Black "Barrett, Stephen"]
[Result "1-0"]
[WhiteElo "2423"]
[BlackElo "2234"]
[PlyCount "69"]
[EventDate "1999.10.09"]
[SourceDate "2000.01.01"]

1. d4 Nf6 2. c4 g6 3. Nc3 Bg7 4. e4 d6 5. Nf3 O-O 6. Be2 Bg4 7. Be3 Nfd7 8. Ng1
Bxe2 9. Ngxe2 c5 10. O-O Nc6 11. d5 Nce5 12. b3 b5 13. cxb5 a6 14. h3 Nb6 15.
f4 Ned7 16. bxa6 Rxa6 17. a4 Qa8 18. Ra2 e6 19. dxe6 fxe6 20. Rd2 Nc8 21. Qc2
Qc6 22. f5 gxf5 23. exf5 d5 24. fxe6 Rxf1+ 25. Kxf1 Nf6 26. Bg5 Qxe6 27. Nf4
Qe5 28. Ncxd5 Ne4 29. Ne7+ Nxe7 30. Qc4+ Re6 31. Qxe6+ Qxe6 32. Nxe6 Nxd2+ 33.
Bxd2 Bd4 34. Nxd4 cxd4 35. a5 1-0

[Event "4NCL/Div1/SL-WR"]
[Site "Rd1-Birmingham"]
[Date "1999.10.09"]
[Round "1.6"]
[White "Townsend, Paul"]
[Black "Buckley, Graeme"]
[Result "1-0"]
[WhiteElo "2224"]
[BlackElo "2320"]
[PlyCount "83"]
[EventDate "1999.10.09"]
[SourceDate "2000.01.01"]

1. d4 Nf6 2. c4 g6 3. Nc3 Bg7 4. e4 d6 5. Bd3 O-O 6. Nge2 e5 7. d5 Nh5 8. Be3
Na6 9. f3 f5 10. Qd2 Bd7 11. O-O-O Qe7 12. exf5 gxf5 13. h3 c5 14. g4 Nf6 15.
Bxf5 Bxf5 16. gxf5 Nh5 17. Ne4 Rxf5 18. Bh6 Kh8 19. Bxg7+ Qxg7 20. Rhg1 Qf8 21.
Rg5 Rxg5 22. Qxg5 Qxf3 23. Nxd6 Ng7 24. Rg1 Rg8 25. Qxe5 Qf8 26. Nf4 Nb8 27.
Ne6 Nd7 28. Qc3 Qxd6 29. Rxg7 Ne5 30. Qg3 Nd3+ 31. Qxd3 Rxg7 32. Qc3 Qg3 33.
Nxg7 Qg1+ 34. Kc2 Kg8 35. Ne6 b5 36. Qf3 Qg6+ 37. Kc3 bxc4 38. Kxc4 Qc2+ 39.
Qc3 Qe2+ 40. Kxc5 Qf2+ 41. Kd6 Qb6+ 42. Ke5 1-0

[Event "4NCL/Div1/SL-WR"]
[Site "Rd1-Birmingham"]
[Date "1999.10.09"]
[Round "1.7"]
[White "Lalic, Susan"]
[Black "Burnett, James"]
[Result "1/2-1/2"]
[WhiteElo "2318"]
[BlackElo "2215"]
[PlyCount "59"]
[EventDate "1999.10.09"]
[SourceDate "2000.01.01"]

1. e4 d5 2. exd5 Qxd5 3. Nc3 Qa5 4. d4 Nf6 5. Nf3 Bg4 6. h3 Bxf3 7. Qxf3 c6 8.
Bd2 Qb6 9. d5 cxd5 10. Nxd5 Nxd5 11. Qxd5 e6 12. Qb3 Bc5 13. Qxb6 Bxb6 14. Bc3
O-O 15. Rd1 Nc6 16. Rd7 Rab8 17. Bd3 Rfd8 18. Rxd8+ Rxd8 19. O-O Ba5 20. Bxa5
Nxa5 21. Re1 g6 22. Kf1 Nc6 {(Draw offer)} 23. Rd1 Kf8 24. Be2 Rxd1+ 25. Bxd1
b6 26. Ke2 Ke7 27. Kd3 Kd6 28. Kc4 a6 29. a4 f5 30. Be2 1/2-1/2

[Event "4NCL/Div1/SL-WR"]
[Site "Rd1-Birmingham"]
[Date "1999.10.09"]
[Round "1.8"]
[White "Forbes, Cathy"]
[Black "Smith, Andrew P"]
[Result "0-1"]
[WhiteElo "2094"]
[BlackElo "2275"]
[PlyCount "72"]
[EventDate "1999.10.09"]
[SourceDate "2000.01.01"]

1. d4 d6 2. g3 c6 3. Bg2 Bg4 4. h3 Bh5 5. c4 Nd7 6. Qb3 Rb8 7. Nd2 Ngf6 8. Ngf3
e6 9. O-O d5 10. g4 Bg6 11. Nh4 Bd6 12. f4 Be4 13. g5 Bxg2 14. Nxg2 Ng8 15. e4
Ne7 16. f5 exf5 17. exf5 O-O 18. f6 gxf6 19. gxf6 Ng6 20. cxd5 Nxf6 21. dxc6
bxc6 22. Qf3 Be7 23. Nb3 Kh8 24. Bg5 Nd5 25. Bxe7 Qxe7 26. Rae1 Qd6 27. h4 Rg8
28. Kh1 Rg7 29. h5 Nge7 30. Nf4 Nf5 31. Re5 Ng3+ 32. Kh2 Nxf1+ 33. Qxf1 Qf6 34.
Rxd5 cxd5 35. Nc5 Rxb2+ 36. Kh3 Qf5+ 0-1

[Event "4NCL/Div1/WG2-WG1"]
[Site "Rd1-Birmingham"]
[Date "1999.10.09"]
[Round "1.1"]
[White "Lee, Graham"]
[Black "Emms, John"]
[Result "0-1"]
[WhiteElo "2328"]
[BlackElo "2586"]
[PlyCount "78"]
[EventDate "1999.10.09"]
[SourceDate "2000.01.01"]

1. e4 c5 2. c3 d5 3. exd5 Qxd5 4. d4 Nf6 5. Nf3 Bg4 6. Be2 e6 7. h3 Bh5 8. O-O
Nc6 9. Be3 cxd4 10. Nxd4 Bxe2 11. Qxe2 Be7 12. Rd1 O-O 13. c4 Nxd4 14. Bxd4 Qe4
15. Qxe4 Nxe4 16. Nc3 Nxc3 17. Bxc3 Rfd8 18. b3 f6 19. Kf1 Kf7 20. Ke2 e5 21.
Bd2 Ke6 22. Be3 a6 23. Bb6 Rxd1 24. Rxd1 h5 25. c5 f5 26. Kd3 g5 27. Kc4 g4 28.
hxg4 fxg4 29. g3 Rf8 30. Rd2 h4 31. gxh4 Rf4+ 32. Kc3 Bxh4 33. Rd6+ Kf5 34. Rd7
Bxf2 35. Rxb7 g3 36. c6 Bxb6 37. Rxb6 Rf1 38. Kd2 g2 39. c7 Rc1 0-1

[Event "4NCL/Div1/WG2-WG1"]
[Site "Rd1-Birmingham"]
[Date "1999.10.09"]
[Round "1.2"]
[White "Baburin, Alexander"]
[Black "Pert, Richard"]
[Result "1-0"]
[WhiteElo "2593"]
[BlackElo "2308"]
[PlyCount "77"]
[EventDate "1999.10.09"]
[SourceDate "2000.01.01"]

1. d4 Nf6 2. c4 g6 3. Nf3 Bg7 4. g3 d5 5. cxd5 Nxd5 6. Bg2 Nb6 7. Nc3 Nc6 8. e3
O-O 9. O-O Re8 10. b3 e5 11. dxe5 Nxe5 12. Nxe5 Bxe5 13. Qc2 Qe7 14. Bb2 c5 15.
Rae1 c4 16. f4 cxb3 17. axb3 Bg7 18. e4 Bd7 19. e5 Qc5+ 20. Qf2 Qxf2+ 21. Rxf2
Be6 22. Nb5 Bf8 23. Rc1 Rab8 24. Nc7 Red8 25. Nxe6 fxe6 26. Bh3 Kf7 27. Rc7+
Rd7 28. Rfc2 Rbd8 29. Bg2 Nd5 30. Bxd5 exd5 31. g4 b6 32. f5 Ke8 33. e6 Rxc7
34. Rxc7 d4 35. f6 Bc5 36. Rxh7 d3+ 37. Kg2 d2 38. Rh8+ Bf8 39. Ba3 1-0

[Event "4NCL/Div1/WG2-WG1"]
[Site "Rd1-Birmingham"]
[Date "1999.10.09"]
[Round "1.3"]
[White "Poulton, James"]
[Black "Ward, Chris"]
[Result "1/2-1/2"]
[WhiteElo "2372"]
[BlackElo "2473"]
[PlyCount "88"]
[EventDate "1999.10.09"]
[SourceDate "2000.01.01"]

1. d4 e6 2. e4 d5 3. e5 c5 4. Nf3 Bd7 5. Bd3 cxd4 6. O-O Ne7 7. Nbd2 Qb6 8. Nb3
Bb5 9. Nbxd4 Bxd3 10. cxd3 Nec6 11. Qa4 Qb4 12. Qxb4 Nxb4 13. Rd1 N8c6 14. Be3
Nxd4 15. Nxd4 Kd7 16. a3 Nc6 17. Nxc6 bxc6 18. Rac1 a5 19. Bc5 Bxc5 20. Rxc5
Rhb8 21. Rd2 Rb3 22. Kf1 a4 23. Ke2 f6 24. f4 fxe5 25. fxe5 Rab8 26. Ra5 Rxb2
27. Rxa4 Rxd2+ 28. Kxd2 Rb2+ 29. Ke3 Rxg2 30. Ra7+ Kd8 31. a4 c5 32. a5 Rxh2
33. Rxg7 Ra2 34. Rxh7 Rxa5 35. Rh8+ Ke7 36. Rh7+ Kf8 37. Kf4 Ra1 38. Rc7 Rf1+
39. Ke3 Re1+ 40. Kf4 c4 41. dxc4 Re4+ 42. Kg5 Rxc4 43. Ra7 Rc6 44. Kf6 Ke8
1/2-1/2

[Event "4NCL/Div1/WG2-WG1"]
[Site "Rd1-Birmingham"]
[Date "1999.10.09"]
[Round "1.4"]
[White "Levitt, Jon"]
[Black "Law, Andrew"]
[Result "1-0"]
[WhiteElo "2433"]
[BlackElo "2305"]
[PlyCount "81"]
[EventDate "1999.10.09"]
[SourceDate "2000.01.01"]

1. d4 Nf6 2. c4 e6 3. Nc3 Bb4 4. e3 O-O 5. Nge2 d5 6. a3 Be7 7. cxd5 exd5 8.
Nf4 c6 9. Bd3 Nbd7 10. O-O Re8 11. Bc2 Bd6 12. f3 Qc7 13. g3 Bxf4 14. exf4 b6
15. Re1 Ba6 16. Be3 Re7 17. Qd2 Rae8 18. Rad1 Bc4 19. g4 Nf8 20. f5 h6 21. Kg2
a5 22. Bf4 Qd8 23. Rxe7 Qxe7 24. Bg3 Qe3 25. Qxe3 Rxe3 26. Kf2 Re8 27. Re1 Rxe1
28. Kxe1 N6d7 29. Bc7 f6 30. b3 Ba6 31. Na4 b5 32. Nb6 Kf7 33. Nxd7 Nxd7 34.
Bxa5 Ke7 35. Bb4+ Kd8 36. Bd6 Kc8 37. Bd3 Kb7 38. Kd2 Kb6 39. b4 Bb7 40. Ke3
Bc8 41. Kf4 1-0

[Event "4NCL/Div1/WG2-WG1"]
[Site "Rd1-Birmingham"]
[Date "1999.10.09"]
[Round "1.5"]
[White "Yastrebov, Alexander"]
[Black "Pein, Malcolm"]
[Result "0-1"]
[WhiteElo "2178"]
[BlackElo "2436"]
[PlyCount "90"]
[EventDate "1999.10.09"]
[SourceDate "2000.01.01"]

1. e4 d6 2. d4 g6 3. c3 Bg7 4. f4 Nf6 5. Bd3 O-O 6. Nf3 c5 7. dxc5 Nbd7 8. cxd6
exd6 9. O-O Re8 10. Qc2 Nc5 11. e5 dxe5 12. Nxe5 Ng4 13. Bc4 Nxe5 14. fxe5 Be6
15. Bxe6 Rxe6 16. Nd2 Bxe5 17. Nf3 Bg7 18. Bg5 Qd3 19. Rf2 h6 20. Bh4 Rae8 21.
Qxd3 Nxd3 22. Rd2 Nxb2 23. Rxb2 Bxc3 24. Rab1 Bxb2 25. Rxb2 b6 26. Kf1 Rc8 27.
Be1 Rc1 28. Kf2 f5 29. Bd2 Rc4 30. Bxh6 Rec6 31. Kg3 Rc2 32. Rb4 R6c4 33. Rb3
Rg4+ 34. Kh3 Rgxg2 35. Rd3 Rgf2 36. Bf4 Rxa2 37. Bg3 Rfe2 38. Rd7 Ra3 39. Nd4
Re4 40. Kg2 Rd3 41. Bf2 Rg4+ 42. Kf1 a5 43. Ke2 Rh3 44. Kf1 Rxh2 45. Ne6 Rh1+
0-1

[Event "4NCL/Div1/WG2-WG1"]
[Site "Rd1-Birmingham"]
[Date "1999.10.09"]
[Round "1.6"]
[White "Littlewood, Paul"]
[Black "Tan, Desmond"]
[Result "1-0"]
[WhiteElo "2411"]
[BlackElo "2182"]
[PlyCount "49"]
[EventDate "1999.10.09"]
[SourceDate "2000.01.01"]

1. d4 Nf6 2. Nf3 e6 3. c4 d5 4. Nc3 Nbd7 5. Bf4 dxc4 6. e4 Bb4 7. Qc2 b5 8. a4
c6 9. Be2 Bb7 10. O-O Qb6 11. Bd2 Bxc3 12. bxc3 a6 13. e5 Nd5 14. Rab1 Qc7 15.
Ng5 N5b6 16. f4 g6 17. f5 exf5 18. e6 fxe6 19. Nxe6 Qd6 20. Rbe1 Nd5 21. Bg4
N7f6 22. Nc5+ Kf7 23. Bxf5 Bc8 24. Bxc8 Raxc8 25. Ne4 1-0

[Event "4NCL/Div1/WG2-WG1"]
[Site "Rd1-Birmingham"]
[Date "1999.10.09"]
[Round "1.7"]
[White "Henderson, John"]
[Black "Sowray, Peter"]
[Result "1/2-1/2"]
[WhiteElo "2174"]
[BlackElo "2358"]
[PlyCount "81"]
[EventDate "1999.10.09"]
[SourceDate "2000.01.01"]

1. Nf3 g6 2. d4 Nf6 3. Bf4 Bg7 4. e3 d6 5. Be2 Nh5 6. Bg5 h6 7. Bh4 g5 8. Bg3
Nc6 9. Qd3 Nxg3 10. hxg3 e5 11. dxe5 dxe5 12. Qxd8+ Nxd8 13. Nc3 Ne6 14. O-O-O
Bd7 15. Bb5 {(Draw offer)} c6 16. Bc4 b5 17. Be2 f5 18. g4 fxg4 19. Nd2 Nc5 20.
b4 Nb7 21. Nde4 a5 22. bxa5 Rxa5 23. Nd6+ Nxd6 24. Rxd6 e4 25. Nxe4 Rxa2 26.
Rhd1 Bf5 27. Bd3 O-O 28. Rxc6 Bxe4 29. Bxe4 Ra1+ 30. Kd2 Rxf2+ 31. Ke1 Rxd1+
32. Kxf2 b4 33. Rb6 Rd2+ 34. Kg3 h5 35. Rg6 Re2 36. Rxg5 Rxe3+ 37. Kf4 Rc3 38.
Rxh5 g3 39. Rd5 Kf7 40. Rd3 Rxd3 41. Bxd3 1/2-1/2

[Event "4NCL/Div1/WG2-WG1"]
[Site "Rd1-Birmingham"]
[Date "1999.10.09"]
[Round "1.8"]
[White "Jackson, Sheila"]
[Black "Lazhevskaya, Zhanna"]
[Result "1/2-1/2"]
[WhiteElo "2186"]
[BlackElo "2051"]
[PlyCount "46"]
[EventDate "1999.10.09"]
[SourceDate "2000.01.01"]

1. e4 c5 2. c3 Nf6 3. e5 Nd5 4. d4 cxd4 5. Nf3 e6 6. cxd4 b6 7. Nc3 Nxc3 8.
bxc3 Qc7 9. Bd2 Bb7 10. Bd3 d6 11. O-O Nd7 12. Re1 dxe5 13. Nxe5 Nxe5 14. Rxe5
Bd6 15. Rh5 g6 16. Rh3 O-O 17. Qg4 Be7 18. Rxh7 Kxh7 19. Qh5+ Kg8 20. Bxg6 fxg6
21. Qxg6+ Kh8 22. Qh6+ Kg8 23. Qg6+ Kh8 1/2-1/2

[Event "4NCL/Div1/BARB1-WG2"]
[Site "Rd2-Birmingham"]
[Date "1999.10.10"]
[Round "2.1"]
[White "Knott, Simon"]
[Black "Poulton, James"]
[Result "1/2-1/2"]
[WhiteElo "2348"]
[BlackElo "2372"]
[PlyCount "35"]
[EventDate "1999.10.10"]
[SourceDate "2000.01.01"]

1. c4 e6 2. Nc3 d5 3. d4 c5 4. e3 Nf6 5. Nf3 Nc6 6. cxd5 exd5 7. Be2 Bd6 8. O-O
O-O 9. b3 cxd4 10. Nxd4 a6 11. Bb2 Qe7 12. Rc1 Ne5 13. Nf3 Be6 14. Na4 Nc6 15.
Nd4 Ne5 16. Nf3 Nc6 17. Nd4 Ne5 18. Nf3 1/2-1/2

[Event "4NCL/Div1/BARB1-WG2"]
[Site "Rd2-Birmingham"]
[Date "1999.10.10"]
[Round "2.2"]
[White "Sowray, Peter"]
[Black "Crouch, Colin"]
[Result "1/2-1/2"]
[WhiteElo "2358"]
[BlackElo "2423"]
[PlyCount "80"]
[EventDate "1999.10.10"]
[SourceDate "2000.01.01"]

1. Nf3 Nf6 2. c4 e6 3. g3 b6 4. Bg2 Bb7 5. O-O Be7 6. Nc3 O-O 7. d4 Ne4 8. Nxe4
Bxe4 9. Nh4 Bxg2 10. Nxg2 Nc6 11. Be3 Bf6 12. Qd2 Qe7 13. Rfd1 e5 14. dxe5 Nxe5
15. Rac1 Ng4 16. Bd4 Rae8 17. Bxf6 Qxf6 18. f3 Ne5 19. Nf4 d6 20. Nd5 Qd8 21.
Qc2 Re6 22. Rd4 Rh6 23. Qf5 c6 24. Nf4 Qe7 25. Rcd1 Kh8 26. b3 g6 27. Qe4 g5
28. Ng2 f5 29. Qe3 Re6 30. Qc3 Kg8 31. f4 Ng4 32. fxg5 Rxe2 33. R4d2 Re8 34.
Rxe2 Qxe2 35. Qd2 Qf3 36. Rf1 Nxh2 37. Re1 Rxe1+ 38. Qxe1 Ng4 39. Qe8+ Kg7 40.
Qe7+ Kg8 1/2-1/2

[Event "4NCL/Div1/BARB1-WG2"]
[Site "Rd2-Birmingham"]
[Date "1999.10.10"]
[Round "2.3"]
[White "Pert, Nick"]
[Black "Law, Andrew"]
[Result "1/2-1/2"]
[WhiteElo "2425"]
[BlackElo "2304"]
[PlyCount "186"]
[EventDate "1999.10.10"]
[SourceDate "2000.01.01"]

1. d4 Nf6 2. Nf3 d5 3. c4 e6 4. e3 c5 5. cxd5 exd5 6. Bb5+ Nc6 7. O-O Bd6 8.
Bxc6+ bxc6 9. Qc2 Qb6 10. b3 cxd4 11. exd4 O-O 12. Ba3 Bxa3 13. Nxa3 Bg4 14.
Ne5 Qxd4 15. Nxc6 Qb6 16. h3 Bd7 17. Ne5 Be6 18. Qb2 Rfd8 19. Nc2 d4 20. Rfd1
Qc5 21. Nf3 d3 22. Ncd4 Bf5 23. Rac1 Qd5 24. Nxf5 Qxf5 25. Qe5 Qg6 26. Rc6 h6
27. Rd6 Rac8 28. Qd4 Rxd6 29. Qxd6 Rc2 30. Ne5 Qe4 31. Qd8+ Kh7 32. Qxd3 Rxa2
33. Nxf7 Rb2 34. Nd6 Qxd3 35. Rxd3 Nd7 36. Rc3 Nb6 37. Rc7 a5 38. Rb7 Rxb3 39.
Nc8 a4 40. Nxb6 a3 41. Kh2 Rb1 42. Ra7 Rxb6 43. Rxa3 Rb2 44. Kg3 Kg6 45. Rf3
Rb4 46. Rf4 Rb3+ 47. Rf3 Rb4 48. Ra3 Rb2 49. Ra6+ Kf7 50. f4 Rc2 51. Kf3 Rc3+
52. Kg4 Rc2 53. Ra7+ Kf6 54. Ra6+ Kf7 55. g3 Rc3 56. Ra5 Kf6 57. h4 Rb3 58.
Rf5+ Ke6 59. Re5+ Kf6 60. Rc5 Ra3 61. h5 Rb3 62. Kh4 Rb4 63. Rc6+ Kf7 64. Rc3
Kf6 65. Kg4 Rb5 66. Ra3 Rc5 67. Kh4 Rc4 68. Kh3 Rd4 69. Kg2 Rb4 70. Kf3 Rb1 71.
g4 Rf1+ 72. Ke3 Rg1 73. Ra6+ Kf7 74. Kf3 Rf1+ 75. Ke4 Rb1 76. Ra5 Rb4+ 77. Kf5
Rb7 78. Rc5 Re7 79. Rc4 Ra7 80. Re4 Rb7 81. Re5 Ra7 82. Rd5 Rb7 83. Ke4 Rb1 84.
g5 hxg5 85. fxg5 Re1+ 86. Kf3 Rh1 87. Rd7+ Ke6 88. Rxg7 Rxh5 89. Kg4 Rh1 90.
Rc7 Rh2 91. Kg3 Rh1 92. Kf4 Rf1+ 93. Kg4 Rh1 1/2-1/2

[Event "4NCL/Div1/BARB1-WG2"]
[Site "Rd2-Birmingham"]
[Date "1999.10.10"]
[Round "2.4"]
[White "Pert, Richard"]
[Black "Collinson, Adam"]
[Result "1/2-1/2"]
[WhiteElo "2308"]
[BlackElo "2405"]
[PlyCount "20"]
[EventDate "1999.10.10"]
[SourceDate "2000.01.01"]

1. d4 d6 2. Nf3 Nf6 3. Nc3 Nbd7 4. e4 e5 5. Be2 Be7 6. O-O O-O 7. Be3 c6 8. a4
a5 9. Ne1 exd4 10. Qxd4 Nc5 1/2-1/2

[Event "4NCL/Div1/BARB1-WG2"]
[Site "Rd2-Birmingham"]
[Date "1999.10.10"]
[Round "2.5"]
[White "Lehtivaara, Petri"]
[Black "Henderson, John"]
[Result "1/2-1/2"]
[WhiteElo "2336"]
[BlackElo "2174"]
[PlyCount "40"]
[EventDate "1999.10.10"]
[SourceDate "2000.01.01"]

1. d4 d5 2. c4 c6 3. Nf3 Nf6 4. Nc3 dxc4 5. a4 Bg4 6. Ne5 Nbd7 7. Nxg4 Nxg4 8.
e3 Ngf6 9. Bxc4 e6 10. O-O Bb4 11. Qf3 O-O 12. Rd1 Qa5 13. Bd2 e5 14. Be1 Rfe8
15. Bb3 exd4 16. Rxd4 Ne5 17. Qf5 c5 18. Rdd1 Rad8 19. Rxd8 Qxd8 20. Bc2 Qa5
1/2-1/2

[Event "4NCL/Div1/BARB1-WG2"]
[Site "Rd2-Birmingham"]
[Date "1999.10.10"]
[Round "2.8"]
[White "Lazhevskaya, Zhanna"]
[Black "Lauterbach, Ingrid"]
[Result "1/2-1/2"]
[WhiteElo "2051"]
[BlackElo "2194"]
[PlyCount "111"]
[EventDate "1999.10.10"]
[SourceDate "2000.01.01"]

1. e4 d6 2. d4 Nf6 3. Bd3 e5 4. c3 c6 5. Nf3 Bg4 6. Nbd2 Nbd7 7. h3 Bh5 8. O-O
Be7 9. Qe2 Qc7 10. Nc4 O-O 11. Ne3 Rfe8 12. Nf5 Bf8 13. Ng3 Bg6 14. Nh4 exd4
15. Nxg6 hxg6 16. cxd4 Nxe4 17. Bxe4 d5 18. Qf3 dxe4 19. Nxe4 Qa5 20. Ng5 Nf6
21. Qb3 Qc7 22. Bd2 Nd5 23. Rae1 Bd6 24. Qf3 Bf4 25. Bxf4 Qxf4 26. Qxf4 Nxf4
27. Nf3 Kf8 28. Re3 Nd5 29. Rb3 Re7 30. Re1 Rae8 31. Rxe7 Rxe7 32. Ne5 Ke8 33.
g3 g5 34. Kf1 Kd8 35. Nc4 Kc7 36. Ne3 Rd7 37. Ke2 Nb6 38. Rd3 f6 39. b3 g6 40.
Nc4 Nd5 41. Ne3 Re7 42. Kf3 Nb4 43. Rd2 Rd7 44. a3 Nd5 45. Nxd5+ Rxd5 46. Ke3
Rd7 47. Rd1 c5 48. Rc1 Rh7 49. dxc5 Rxh3 50. Kd4 Rh2 51. Rc2 Rh1 52. Rc3 Rd1+
53. Kc4 Rd2 54. Rf3 f5 55. b4 a6 56. a4 1/2-1/2

[Event "4NCL/Div1/BIG1-SL"]
[Site "Rd2-Birmingham"]
[Date "1999.10.10"]
[Round "2.1"]
[White "Parker, Jonathan"]
[Black "Hebden, Mark"]
[Result "1-0"]
[WhiteElo "2523"]
[BlackElo "2510"]
[PlyCount "73"]
[EventDate "1999.10.10"]
[SourceDate "2000.01.01"]

1. d4 Nf6 2. c4 g6 3. Nc3 Bg7 4. e4 d6 5. f4 O-O 6. Nf3 Na6 7. Bd3 e5 8. fxe5
dxe5 9. d5 Nh5 10. O-O Qe7 11. Kh1 Bg4 12. Qe1 c6 13. Bg5 f6 14. Be3 Nf4 15.
Bc2 Nb4 16. Bb1 cxd5 17. cxd5 f5 18. a3 fxe4 19. Nxe4 Na6 20. Ba2 Kh8 21. Rd1
h6 22. b4 Qd7 23. Qd2 Bf5 24. Nxe5 Bxe5 25. Bxf4 Bg7 26. Nc5 Nxc5 27. bxc5 Bg4
28. Rde1 Qb5 29. h3 Bd7 30. Rb1 Qa6 31. Rfe1 Bf5 32. Be5 Bxe5 33. Qxh6+ Kg8 34.
d6+ Rf7 35. Bxf7+ Kxf7 36. Qh7+ Kf8 37. Rxe5 1-0

[Event "4NCL/Div1/BIG1-SL"]
[Site "Rd2-Birmingham"]
[Date "1999.10.10"]
[Round "2.3"]
[White "Arkell, Keith"]
[Black "McNab, Colin"]
[Result "1/2-1/2"]
[WhiteElo "2462"]
[BlackElo "2445"]
[PlyCount "113"]
[EventDate "1999.10.10"]
[SourceDate "2000.01.01"]

1. d4 d6 2. g3 g6 3. Bg2 Bg7 4. Nf3 Nf6 5. O-O O-O 6. c4 c6 7. Nc3 Qa5 8. e4
Bg4 9. h3 Bxf3 10. Bxf3 Nbd7 11. a3 c5 12. d5 a6 13. Rb1 b5 14. cxb5 axb5 15.
b4 cxb4 16. axb4 Qa6 17. Be2 Ne5 18. Qb3 Nc4 19. Nxb5 Qxb5 20. Bxc4 Qd7 21. Re1
Qxh3 22. Qf3 Ng4 23. Qg2 Qxg2+ 24. Kxg2 Bd4 25. Re2 Ne5 26. Bb3 Rfb8 27. Bd1
Ra1 28. Rxa1 Bxa1 29. Bd2 Bd4 30. Bc2 h5 31. Be1 g5 32. f4 gxf4 33. gxf4 Ng6
34. Kf3 Ra8 35. Rd2 Bg7 36. Rd3 Ra1 37. Bd2 h4 38. Kg2 Ra2 39. Bb3 Nxf4+ 40.
Kf3 Nxd3 41. Bxa2 Bd4 42. Bb1 Ne5+ 43. Kg2 Kf8 44. Be1 Ng6 45. Bc2 Ke8 46. Bd2
Kd8 47. Bd1 Kc7 48. Kh3 Kb6 49. Be2 Bf2 50. Bg5 Bd4 51. Bf1 Bf2 52. Kg4 Be1 53.
Be3+ Kb7 54. b5 Ba5 55. Kh5 Bb6 56. Bg5 Bd4 57. Bxh4 1/2-1/2

[Event "4NCL/Div1/BIG1-SL"]
[Site "Rd2-Birmingham"]
[Date "1999.10.10"]
[Round "2.4"]
[White "Kosten, Anthony"]
[Black "Cooper, Lawrence"]
[Result "1-0"]
[WhiteElo "2515"]
[BlackElo "2350"]
[PlyCount "87"]
[EventDate "1999.10.10"]
[SourceDate "2000.01.01"]

1. c4 b6 2. Nc3 Bb7 3. e4 e6 4. Nge2 c5 5. d4 cxd4 6. Nxd4 d6 7. Bd3 Nf6 8. O-O
Be7 9. b3 O-O 10. Bb2 Nc6 11. Nxc6 Bxc6 12. Qe2 a6 13. f4 Nd7 14. a4 Bf6 15.
Rad1 Qc7 16. Kh1 Rad8 17. Bb1 Bxc3 18. Bxc3 e5 19. Rd3 exf4 20. Rxf4 Ne5 21.
Rd1 Rfe8 22. Qd2 Rd7 23. h3 Qb7 24. Qd4 f6 25. Rf2 Nf7 26. Re1 Rde7 27. Rfe2 d5
28. Bb4 Re5 29. cxd5 Bxd5 30. exd5 Rxe2 31. Rxe2 Rxe2 32. Qd3 Re7 33. Qxh7+ Kf8
34. Qe4 a5 35. Ba3 Ke8 36. Bxe7 Qxe7 37. Kg1 Qxe4 38. Bxe4 Ng5 39. Bg6+ Ke7 40.
h4 Nf7 41. Bxf7 Kxf7 42. Kf2 Ke7 43. Ke3 Kd6 44. Kd4 1-0